Příručka uživatele modelu "MZF" výzkumná zpráva

Saved in:
Bibliographic Details
Main Author: Malypetr, Antonín
Other Authors: Šůra, J.
Format: Book
Language:Czech
Published: Praha Výzkumný ústav plánování a řízení národního hospodářství 1982
Tags: Add Tag
No Tags, Be the first to tag this record!

MARC

LEADER 00000nam a2200000 4500
001 c128497
005 20041019155243.7
041 0 |a cze 
044 |a CZ 
245 1 0 |a Příručka uživatele modelu "MZF"  |b výzkumná zpráva  |c A. Malypeter, J. Šůra 
264 1 |a Praha  |b Výzkumný ústav plánování a řízení národního hospodářství  |c 1982 
300 |a 85 s. 
100 1 |a Malypetr, Antonín 
700 1 |a Šůra, J.